000 00287nam a22001337a 4500
008 170607b xxu||||| |||| 00| 0 eng d
020 _a9780312102005
041 _aeng
080 _a32
100 _a18
101 _aSHP
245 _aLEFT RIGHT CENTER
_cATWAN.R
942 _2udc
_cBK
999 _c16344
_d16344